00334nam a2200133Ia 4500008004100000082001800041100001700059245003800076250000800114260002800122300001000150500002400160650001600184230524s9999 xx 000 0 und d a621.3814bRED aS.Rama Reddy 0aFundamentals of Power Electronics a1ST aNEW DELHIbNarosac2002 aX;190 aQuantity Number: 2 aElectronics